Új tanterv készül

Bibliographic Details
Main Author: Torök, Zsuzsanna (Author)
Format: Article
Language:Hungarian
Subjects:

MARC

LEADER 00000nab a2200000 a 4500
001 vtls000488399
003 SK-MaSNL
005 20260318114348.0
008 120927c1992 xo 0 hun
015 |a SNBRB19rr/mm-uuuuu 
035 |a CL0488536 
040 |a SNKBUCL  |b slo  |c SNKBUCL  |e AACR2 
041 0 |a hun 
044 |a xo  |c SK 
080 |a 373.3(437.6=945.11):371.214  |2 1981 
100 1 |a Torök, Zsuzsanna  |4 aut  |9 411691 
245 1 0 |a Új tanterv készül  |c Zsuzsanna Torök 
650 0 7 |a jazyk maďarský a literatúra  |2 snkbucl  |9 966097 
650 0 7 |a základné školy s vyučovacím jazykom maďarským  |2 snkbucl  |9 87207 
650 0 7 |a učebné osnovy  |2 snkbucl  |9 4071 
655 7 |a články z novín a časopisov  |2 snkbucl  |9 267496 
773 0 |t Szabad újság  |g Roč. 2, č. 275 (5. 12. 1992), s. 7 
850 |a Slovenská národná knižnica v Martine  |a MTA001 
852 |a SNK  |b KIS3GCP 
958 |a RK 
992 |a RBX 
999 |c 3351293  |d 3353223